[Event "Minsk ODM Team Cup U16"]
[Site "Minsk"]
[Date "2021.??.??"]
[Round "4.5"]
[White "Norman, Kseniya"]
[Black "Rabkouskaya, Katsiarina"]
[Result "1-0"]
[WhiteElo "1915"]
[BlackElo "1444"]
[PlyCount "53"]
[EventDate "2021.03.01"]
[EventType "team-tourn"]
[EventRounds "7"]
[EventCountry "BLR"]
[SourceTitle "EXT 2022"]
[Source "ChessBase"]
[SourceDate "2021.10.06"]
[SourceVersion "1"]
[SourceVersionDate "2021.10.06"]
[SourceQuality "1"]
[WhiteTeam "Grodnensk Region"]
[BlackTeam "Vitebsk Region"]
[WhiteTeamCountry "BLR"]
[BlackTeamCountry "BLR"]

1. e4 Nf6 2. e5 Nd5 3. c4 Nb6 4. d4 d6 5. exd6 exd6 6. Bd3 Nc6 7. Be3 g6 8. Nc3 Bg7 9. Nge2 0-0 10. a3 Ne7 11. Ng3 f5 12. Qd2 Re8 13. 0-0-0 d5 14. c5 Nd7 15. Bh6 Nf6 16. f3 Nc6 17. Bb5 Nxd4 18. Ba4 Bxh6 19. Qxh6 Nc6 20. h4 Be6 21. h5 Bf7 22. hxg6 Bxg6 23. Qg5 Re5 24. f4 Re6 25. Nxf5 Ne7 26. Nd4 Re3 27. Qxf6 1-0

[Event "Minsk ODM Team Cup U16"]
[Site "Minsk"]
[Date "2021.??.??"]
[Round "1.5"]
[White "Rabkouskaya, Katsiarina"]
[Black "Poliakova, Varvara"]
[Result "0-1"]
[WhiteElo "1444"]
[BlackElo "1918"]
[PlyCount "34"]
[EventDate "2021.03.01"]
[EventType "team-tourn"]
[EventRounds "7"]
[EventCountry "BLR"]
[SourceTitle "EXT 2022"]
[Source "ChessBase"]
[SourceDate "2021.10.06"]
[SourceVersion "1"]
[SourceVersionDate "2021.10.06"]
[SourceQuality "1"]
[WhiteTeam "Vitebsk Region"]
[BlackTeam "Mogilevsk Region"]
[WhiteTeamCountry "BLR"]
[BlackTeamCountry "BLR"]

1. d4 f5 2. c4 Nf6 3. Nc3 g6 4. e3 Bg7 5. Nf3 0-0 6. Bd2 d6 7. c5 h6 8. Bc4+ Kh7 9. Qc2 Nc6 10. a3 e5 11. dxe5 dxe5 12. e4 Nd4 13. Qd3 Nxe4 14. Nxe4 fxe4 15. Qxe4 Bf5 16. Qxb7 Nc2+ 17. Ke2 e4 0-1